Depois da tempestade (Registo nº 1798)

Detalhes MARC
000 -Etiqueta do registo
Cabeçalho 00842nam a22002771 4500
005 - Identificador da versão
Campo de controlo 20240813121916.0
021 ## - Número do Depósito Legal
Código do país PT
Número 5220/84
Código do país PT
Número 213796/04
100 ## - Dados gerais de processamento
Dados gerais de processamento 19941025d1984 da y0pory5003 ba
102 ## - Pais de publicação ou produção
País de publicação Portugal
101 1# - Língua de publicação
Língua do texto, banda sonora, etc. Português
Língua do documento no original Francês
106 ## - Campo de dados codificados: material textual
Dados codificados do material textual r
105 ## - Campo de dados codificados: livros
Dados codificados dos livros a z 000zy
215 ## - Descrição física 
Indicação específica da natureza do documento e extensão da espécie 192 p.
Outras indicações físicas il.
Dimensões 18 cm
200 1# - Titulo e menção de responsabilidade
Título próprio Depois da tempestade
Primeira menção de responsabilidade Condessa de Ségur
Outras menções de responsabilidade il. Jobbé-Duval
-- capa de Marcel Marlier
210 ## - Publicação, Distribuição, etc. 
Lugar da edição, distribuição, etc. Lisboa
Nome do editor, distribuidor, etc. Círculo de Leitores
Data da publicação, distribuição, etc. 1984
606 ## - Nome comum usado como assunto
Número de registo de entrada de autoridade 0000229
Palavra de ordem Literatura estrangeira infanto-juvenil
Subdivisão de assunto Romance de aventuras
675 ## - Classificação Decimal Universal (CDU)
Notação 82-311.3
Edição
Língua da edição por
702 #1 - Nome de autor-pessoa física (responsabilidade secundária)
Número de registo de entrada de autoridade 0000232
Palavra de ordem Jobbé-Duval
Código de função Ilustrador / Técnico de desenho computorizado
Número de registo de entrada de autoridade 0000233
Palavra de ordem Marlier
Outra parte do nome não tomada para palavra de ordem Marcel
Código de função Responsável pela concepção da capa e sobrecapa
700 #1 - Nome de autor-pessoa física (responsabilidade principal)
Número de registo de entrada de autoridade 0000316
Palavra de ordem Ségur
Elementos de identificação ou distinção Condessa de
Datas 1799-1874
942 ## - Elementos de entrada adicionados (Koha)
Tipo de item no Koha Livro
Exemplares
Situação do levantamento Origin of item (home branch) (coded) Biblioteca de empréstimo Código de barras Cota Circulation type (not for loan) Tipo de documento Nota do exemplar Damaged status
  Biblioteca Escolar da Coca Maravilhas Biblioteca Escolar da Coca Maravilhas BECM2594/94 8EST SEG   Livro Sem mensagem